| 000 | 02015nam0a2200397 4500 | ||
|---|---|---|---|
| 001 | RU\NLR\BIBL_A\022396170 | ||
| 005 | 20250109163339.0 | ||
| 010 |
_a978-5-00211-725-3 _95000 |
||
| 021 |
_aRU _bКН-П-24-063759 _9КН-П-24-6334 |
||
| 035 | _a(NLR Aleph) 022396170 | ||
| 090 |
_a13333082 _c13333082 |
||
| 100 | _a20241129d2024 u y0rusy50 ca | ||
| 101 | 1 | _arus | |
| 102 | _aRU | ||
| 105 | _aa|||z|||000ay | ||
| 181 | 0 |
_ai2 _baxxe |
|
| 181 | 0 |
_ab1 _bab2e |
|
| 182 | 0 | _an | |
| 200 | 1 |
_aСказка о царе Салтане, о сыне его славном и могучем богатыре князе Гвидоне Салтановиче и о прекрасной царевне лебеди _e[для чтения взрослыми детям] _fА. С. Пушкин _gиллюстрации С. С. Соломко, Н. А. Богатова |
|
| 203 |
_aТекст _aИзображение _bвизуальные _cнепосредственные |
||
| 210 |
_aМосква _cКлевер-Медиа-Групп, Clever _d2024 |
||
| 215 |
_a[48] с. _cцв. ил. _d23 |
||
| 225 | 1 | _aЛюбимые сказки | |
| 300 | _aЗагл. обл. : Сказка о царе Салтане | ||
| 309 | _aВложено с 4-мя кн. и открыткой в подарочную коробку с загл. "Сказки" | ||
| 512 | 1 | _aСказка о царе Салтане | |
| 517 | 1 | _aСказки | |
| 686 | 0 | _aШ9(2)60=Р5-5 | |
| 700 | 1 |
_aПушкин _bА. С. _cпоэт _f1799-1837 _gАлександр Сергеевич _3RU\NLR\AUTH\77386 |
|
| 702 | 1 |
_aСоломко _bС. С. _cхудожник _f1867-1928 _gСергей Сергеевич _3RU\NLR\AUTH\7741250 _4440 |
|
| 702 | 1 |
_aБогатов _bН. А. _cхудожник _f1854-1935 _gНиколай Алексеевич _3RU\NLR\AUTH\7789083 _4440 |
|
| 942 | _cBOOK | ||
| 980 | _aNB | ||